Największe Gospodarki Świata 2023 - Statystyki

Ogólne statystyki
  • Ten quiz został rozwiązany 156 razy
  • Średni wynik to 9 z 10
Statystyki odpowiedzi
Hint Odpowiedź % Poprawnych
18,6 bln Chiny
100%
26 bln USA
99%
4,5 bln Niemcy
98%
3,06 bln Francja
96%
5,02 bln Japonia
94%
3,2 bln Indie
93%
3,4 bln Wielka Brytania
93%
2,1 bln Kanada
87%
2,3 bln Włochy
87%
1,9 bln Korea Południowa
76%
Nie znaleziono quizów pasujących do podanych kryteriów
Rozkład punktacji
Procent ludzi z każdym wynikiem
Percentyl według liczby udzielonych odpowiedzi
Twoja historia wyników
Nie rozwiązałeś tego quizu